Informe : seminario nacional de planificación educativa.

Guardat en:
Dades bibliogràfiques
Autor corporatiu: Informe : Lima, Perú seminario nacional de planificación educativa, Instituto Politécnico Nacional (México) [et al.]
Format: Actes de congresos Llibre
Idioma:espanyol
Matèries:
Etiquetes: Afegir etiqueta
Sense etiquetes, Sigues el primer a etiquetar aquest registre!

MARC

LEADER 00000cam^a2200000uu^4500
001 000484743
005 20250521000000.0
008 031308s1970^^^^^^^^^^^^rd^r^1000^0^spa^d
009 20260526150545.033
035 |a FCE 000027809 
035 |a FCE 023396 
037 |a Acervo ITESO - Biblioteca 
041 |a spa 
082 0 4 |a 379.15485  |b INPs 
111 |a Informe :  |c Lima, Perú)  |d 23-30 abr. 1970 :  |e seminario nacional de planificación educativa  |n (2 : 
245 1 0 |a Informe :  |b seminario nacional de planificación educativa. 
264 |a Lima :  |b INP : ESAP,  |c 1970. 
300 |a 78 p. 
336 |a texto  |b txt  |2 rdacontenido 
337 |a sin mediación  |b n  |2 rdamedio 
338 |a volumen  |b nc  |2 rdasoporte 
611 4 |a Seminario 
649 |a XX 
650 |a Planificación de la educación 
650 |a Sistema educativo 
650 |a Desarrollo de la educación 
650 |a Organización de la educación 
650 |a Informe 
650 |a Perú 
710 |a Instituto Politécnico Nacional (México),  |e [et al.] 
910 |a Fondo Centro de Estudios Educativos 
920 |a Impresos - Libros 
930 |a Fondos Especiales 
905 |a 133 
901 |a ALE023396  |b IT2  |c CEE  |u 20250521 
902 |a https://opac.biblio.iteso.mx/vufind/Record/000484743